000 00261nam a22001217a 4500
008 210301b ||||| |||| 00| 0 eng d
041 _aeng
080 _a338
100 _a53
101 _aMEN
245 _aEupsychian Management
_cMaslow,H.A
942 _2udc
_cBK
999 _c55354
_d55354